| 000 | 00362nam a2200145Ia 4500 | ||
|---|---|---|---|
| 005 | 20240823064416.0 | ||
| 008 | 240823s9999||||xx |||||||||||||| ||und|| | ||
| 082 | _A005.133 P6 | ||
| 100 | _a"Cadenhead,Rogers" | ||
| 245 | 0 | _aProgramming with Java in 24 Hours | |
| 260 |
_c2006 _b"Pearson," |
||
| 500 | _aYES | ||
| 650 |
_aJAVA _bComputer Science |
||
| 942 | _cNB | ||
| 999 |
_c240644 _d240644 |
||